35 山口県の市町村 人口順 - Statistics

General Stats
  • This quiz has been taken 6 times
  • The average score is 18 of 19
Answer Stats
順位 人口 市町村 % Correct
1 237,259 下関市
100%
2 187,965 山口市
100%
3 153,986 宇部市
100%
4 129,666 周南市
100%
5 119,798 岩国市
100%
6 110,086 防府市
100%
7 56,787 山陽小野田市
100%
13 20,227 美祢市
100%
14 13,343 田布施町
100%
15 12,689 周防大島町
100%
17 5,447 和木町
100%
18 2,735 阿武町
100%
19 1,863 上関町
100%
8 54,888 下松市
83%
9 46,567 光市
83%
10 39,641 萩市
83%
11 28,999 長門市
83%
16 10,843 平生町
83%
12 28,437 柳井市
67%
No matching quizzes found
Score Distribution
Percent of People with Each Score
Percentile by Number Answered
Your Score History
You have not taken this quiz